000 01280nam a2200289Ia 4500
003 OSt
005 20221005105657.0
006 a|||||r|||| 00| 0
007 ta
008 221004b |||||||| |||| 00| 0 hin d
020 _a8181433726 (hbk)
024 _a96630
037 _b571, 23/03/2009, Vani Prakashan
_cTextual
040 _aCRL
_cCRL
_bhin
041 _2hin
_ahin
082 _aO157,3M61:g, 152P5
100 _aनंदी, आशिस
245 0 _aराष्ट्रवाद बनाम देशभक्ति
_b रवींद्रनाथ ठाकुर और इयत्ता की राजनीति
246 _aRāṣhṭravād banām deshabhakti: ravīandranāth ṭhākur aur iyattā kī rājanīti
260 _aनई दिल्ली
_bवाणी प्रकाशन भारत
_c2005
300 _a153पृ0
_ccm.
490 _aसामयिक विमर्श
650 _aबंगाली साहित्य
700 _a दुबे, अभय कुमार, अनु.
_9623680
942 _hO157,3M61:g, 152P5
_cTEXL
_2cc
999 _c1016541
_d1016541